| 000 | 01712nam a2200325 c 4500 | ||
|---|---|---|---|
| 003 | BLK | ||
| 005 | 20180420234519.0 | ||
| 008 | 180410b bul|||||r ||||||| ||bul|| | ||
| 010 | _aKNG00166530000 | ||
| 040 | _aBLK | ||
| 041 |
_aBUL _cBUL |
||
| 080 |
_aОрганизация и експлоатация на съобщенията _b654 _x _z654 |
||
| 080 |
_aЗначение на периодичния печат. Организация и планиране на работата на редакцията. Подразделя се като 070 _b050 _x _z050 |
||
| 100 | 1 |
_aХофман, Емил _eпърви автор _9334494 |
|
| 700 | 1 |
_aГеоргиева, Румяна Стоянова _eпрев. от нем. _9334495 |
|
| 139 |
_aХофман, Емил _bХ 71 |
||
| 245 | 1 | 0 |
_aСвобода на средствата за масова информация _bПретенции и действителност :Изследване _cЕмил Хофман; прев. от нем. Румяна Стоянова Георгиева. |
| 257 | _aDEU | ||
| 260 |
_аСофия _bНаука и изкуство _c1985 _fЯмбол : Г. Димитров |
||
| 300 |
_a138 с. _c22 см |
||
| 380 | _a3 | ||
| 500 | _aОриг. загл. Medientfreiheit - Anspruch und Wirklichkeit. - 817 тир. - Библиогр. под линия. | ||
| 650 | 4 |
_aСредства за масова информация _9270560 |
|
| 653 | _aсредства за масова информация | ||
| 852 | _aЦб 134991 | ||
| 856 | 4 |
_qpdf _u |
|
| 856 | 4 |
_qpdf _u |
|
| 942 |
_cKNG _n0 |
||
| 944 |
_aCR _c30.10.2014 _l30.10.2014 - от С1,Р / 30.10.2014 _kКина_Георгиева |
||
| 944 |
_aED _c30.10.2014 _l30.10.2014 - от С1,Р / 30.10.2014 _k |
||
| 999 |
_c159415 _d159415 |
||